Normal view
MARC view
- العياصرة ، أحمد أكرم الشبلي
Entry Personal Name
001 - CONTROL NUMBER
- control field: 32989
003 - CONTROL NUMBER IDENTIFIER
- control field: JO-AjAnu
005 - DATE AND TIME OF LATEST TRANSACTION
- control field: 20230606075535.0
008 - FIXED-LENGTH DATA ELEMENTS
- fixed length control field: 230606|| aca||aabn | a|a d
040 ## - CATALOGING SOURCE
- Original cataloging agency: JO-AjAnu
- Transcribing agency: JO-AjAnu
100 ## - HEADING--PERSONAL NAME
- Personal name: العياصرة ، أحمد أكرم الشبلي
670 ## - SOURCE DATA FOUND
- Source citation: Work cat.: (JO-AjAnu)16948: العياصرة ، أحمد أكرم الشبلي , author, مبادئ الإحصاء